00676nam a2200229Ia 4500008004000000020001500040041000800055082001500063100001600078245004700094260003900141300001200180650001500192650001500207650000700222650001800229650000800247690001800255906001100273999001900284952014300303210210b2006 xxu||||| |||| 00| 0 eng d a8127226874 aeng a620.8 SINP aSINGH (B D) aPrinciples and techniques of biotechnology aLudhianabKalyani Publishersc2006 axxi,280 atechniques aPrinciples aof abiotechnology aand aBiotechnology a063640 c138595d138595 00102ddc40708BTaALbALd2021-02-17eHigginbothams Private Limitedg140.00l0o620.8 SINPp063640r2021-02-17 00:00:00w2021-02-17yBK